|
|
|
|
| LEADER |
01396nam a2200301 a 4500 |
| 001 |
4036792 |
| 008 |
091108s1998 dcu b 000 0 eng d |
| 010 |
|
|
|a \\\98060750
|
| 020 |
|
|
|a 1878071432 (pbk.)
|
| 040 |
|
|
|a ViWyC
|c ViWyC
|d ODaU
|d IU
|d DLC
|
| 082 |
0 |
0 |
|a 333.95/16
|2 21
|
| 100 |
1 |
|
|a Tuxill, John D.
|
| 245 |
1 |
0 |
|a Losing strands in the web of life :
|b vertebrate declines and the conservation of biological diversity /
|c John Tuxill ; Jane A. Peterson, editor.
|
| 260 |
|
|
|a Washington, DC :
|b Worldwatch Institute,
|c c1998.
|
| 300 |
|
|
|a 88 p. ;
|c 22 cm.
|
| 490 |
0 |
|
|a Worldwatch paper ;
|v 141
|
| 500 |
|
|
|a "May 1998."
|
| 504 |
|
|
|a Includes bibliographical references (p. 74-88).
|
| 541 |
1 |
|
|e 00006440
|
| 650 |
|
0 |
|a Wildlife conservation.
|
| 650 |
|
0 |
|a Animal populations.
|
| 650 |
|
0 |
|a Vertebrates
|x Effect of habitat modification on.
|
| 650 |
|
0 |
|a Biodiversity conservation.
|
| 700 |
1 |
|
|a Peterson, Jane A.
|
| 852 |
4 |
|
|a Ayesha Abed Library
|j General shelf
|
| 999 |
|
|
|c 5185
|d 5185
|
| 952 |
|
|
|0 0
|1 0
|2 ddc
|4 0
|6 333_951600000000000_TUX_1998
|7 0
|9 5037
|a BRACUL
|b BRACUL
|c GEN
|d 2009-11-08
|g 0.00
|l 0
|o 333.9516 TUX
|p 3010006440
|r 2009-11-08
|t 1
|w 2009-11-08
|y BK
|x No price found in the accession register.
|
| 952 |
|
|
|0 0
|1 0
|2 ddc
|4 0
|6 333_951600000000000_TUX_1998
|7 0
|9 5251
|a BRACUL
|b BRACUL
|c GEN
|d 2009-11-10
|g 0.00
|l 0
|o 333.9516 TUX
|p 3010006489
|r 2009-11-10
|t 1
|w 2009-11-10
|y BK
|x No price found in the accession register.
|